[Event "Challenge"]
[Site "http://www.queenalice.com/game.php?id=274886"]
[Date "2007.9.21"]
[Round "-"]
[White "AAI"]
[Black "PedroNRF"]
[Result "0-1"]
[WhiteElo "1618"]
[BlackElo "1709"]

1. e4 d5 2. Nc3 d4 3. Nce2 d3 4. cxd3 Qxd3 5. Nc3 Qd7 6. Be2 Nc6 7. Nf3 e5 8. d3
Nd4 9. O-O c5 10. Nxe5 Qe6 11. Bf4 Bd6 12. Nd5 Nb5 13. Bg4 Qxe5 14. Bxe5 Bxe5
15. Rb1 b6 16. Qa4 a6 17. Nxb6 Bxg4 18. Nxa8 Bd7 19. Qxa6 Nf6 20. Nc7+ Nxc7 21.
Qb7 O-O 22. Qb6 Ne6 23. b3 Bd4 24. a4 c4 25. Qb7 cxd3 26. a5 Nc5 27. Qb4 Ne6 28.
a6 Nxe4 29. Qb7 N4c5 30. Qb6 Ne4 31. Qa5 Bc3 32. b4 Nd2 33. a7 Ra8 34. Qd5 Rxa7
35. b5 Nf4 36. Qd6 Rb7 37. Qe7 Ne6 38. Rbc1 Ne4 39. f4 d2 40. f5 dxc1=Q 41. Rxc1
Bd4+ 42. Kh1 Nf2+ 43. Kg1 Nd3+ 44. Kf1 Nxc1 45. fxe6 Bxb5+ 46. Ke1 Rxe7 0-1

[Event "Challenge"]
[Site "http://www.queenalice.com/game.php?id=274893"]
[Date "2007.9.21"]
[Round "-"]
[White "dante72"]
[Black "AAI"]
[Result "1-0"]
[WhiteElo "1868"]
[BlackElo "1622"]

1. d4 d5 2. e3 Nf6 3. Nc3 e6 4. a3 Nc6 5. Bb5 a6 6. Bd3 Bd6 7. f4 O-O 8. Nf3 Ng4
9. h3 Nh6 10. O-O b5 11. Ne2 Nf5 12. Bxf5 exf5 13. Ne5 Qe8 14. Ng3 b4 15. axb4
Bxb4 16. c3 Be7 17. Qf3 Be6 18. b4 a5 19. Ba3 a4 20. Nh5 g6 21. Ng3 f6 22. Nd3
Bc8 23. Qxd5+ Kh8 24. Nc5 Ba6 25. Rfe1 Rd8 26. Qf3 Bc4 27. e4 Rd6 28. Nb7 Rd7
29. exf5 gxf5 30. Nxf5 Qg6 31. Nxe7 Nxe7 32. b5 Bd5 33. Qe2 Bxb7 34. Bxe7 Qg7
35. Bxf8 Qxf8 36. Qe8 Qxe8 37. Rxe8+ Kg7 38. Rxa4 c6 39. b6 Kf7 40. Rb8 Ke6 41.
Ra7 h5 42. Rbxb7 Rd6 43. Re7+ Kd5 44. b7 Kc4 45. b8=Q Rd5 46. Re3 h4 47. Qb4#
1-0

[Event "AUTO-ADV-687"]
[Site "http://www.queenalice.com/game.php?id=291193"]
[Date "2007.10.22"]
[Round "1"]
[White "AAI"]
[Black "BrunoBr"]
[Result "1-0"]
[WhiteElo "1605"]
[BlackElo "1480"]

1. e4 e6 2. d4 d5 3. Nc3 Bb4 4. Bd2 dxe4 5. Bb5+ c6 6. Be2 Qxd4 7. a3 Bxc3 8.
Bxc3 Qxd1+ 9. Bxd1 Nf6 10. b4 O-O 11. Ne2 Nd5 12. O-O Nxc3 13. Nxc3 e5 14. Nxe4
Bf5 15. Nd6 Bc8 16. Rc1 Rd8 17. Ne4 Nd7 18. c4 f5 19. Nd6 b6 20. Nxf5 Nf6 21.
Bb3 Bxf5 22. c5+ Kh8 23. a4 Rd4 24. Rce1 Re8 25. Bf7 Re7 26. Bb3 bxc5 27. bxc5
e4 28. a5 Be6 29. Rb1 Bxb3 30. Rxb3 Red7 31. h3 Rd1 32. Rb8+ Ng8 33. Rxd1 Rxd1+
34. Kh2 Rd2 35. Rc8 Rxf2 36. Rxc6 e3 37. Kg1 Ra2 38. Re6 e2 39. c6 e1=Q+ 40.
Rxe1 Rxa5 41. Rc1 1-0

[Event "AUTO-ADV-687"]
[Site "http://www.queenalice.com/game.php?id=291194"]
[Date "2007.10.22"]
[Round "1"]
[White "BrunoBr"]
[Black "AAI"]
[Result "1-0"]
[WhiteElo "1731"]
[BlackElo "1602"]

1. d4 d5 2. c4 e6 3. Nc3 Nf6 4. Bg5 Be7 5. Nf3 h6 6. Bh4 O-O 7. e3 Bb4 8. cxd5
Qd7 9. Bxf6 gxf6 10. dxe6 fxe6 11. Bd3 Qg7 12. Qc2 Qxg2 13. Rg1 Qxg1+ 14. Nxg1
e5 15. Bh7+ Kh8 16. Qg6 Be6 17. Qxh6 Nc6 18. Bg6+ Kg8 19. Qh7# 1-0

[Event "AUTO-ADV-687"]
[Site "http://www.queenalice.com/game.php?id=291195"]
[Date "2007.10.22"]
[Round "1"]
[White "AAI"]
[Black "zechariahsl"]
[Result "0-1"]
[WhiteElo "1605"]
[BlackElo "1659"]

1. d4 d5 2. Nc3 e6 3. Nf3 Nf6 4. e4 dxe4 5. Nd2 Bd6 6. Ncxe4 b6 7. Nxd6+ Qxd6 8.
c3 Bb7 9. Nc4 Qd7 10. Be2 O-O 11. O-O Nc6 12. Bf3 Nd8 13. b3 Bxf3 14. Qxf3 c6
15. Qg3 Nb7 16. Bh6 Ne8 17. Rae1 Nbd6 18. Qg4 Nf5 19. Ne5 Nxh6 20. Nxd7 Nxg4 21.
Nxf8 Kxf8 0-1

[Event "AUTO-ADV-687"]
[Site "http://www.queenalice.com/game.php?id=291196"]
[Date "2007.10.22"]
[Round "1"]
[White "zechariahsl"]
[Black "AAI"]
[Result "1-0"]
[WhiteElo "1644"]
[BlackElo "1621"]

1. e4 e5 2. Nf3 Nc6 3. Bc4 Bc5 4. c3 Nf6 5. d4 d6 6. dxc5 dxc5 7. Qxd8+ Nxd8 8.
Bg5 Be6 9. Bxe6 Nxe6 10. Be3 O-O 11. Nxe5 Nxe4 12. f3 Nd6 13. Nd2 a5 14. Nd7
Rfe8 15. O-O Red8 16. Nxc5 b6 17. Nxe6 fxe6 18. Bf4 Rf8 19. Bxd6 cxd6 20. Rfe1
a4 21. Nc4 1-0

[Event "AUTO-ADV-687"]
[Site "http://www.queenalice.com/game.php?id=291197"]
[Date "2007.10.22"]
[Round "1"]
[White "AAI"]
[Black "Kritikos"]
[Result "0-1"]
[WhiteElo "1590"]
[BlackElo "1655"]

1. e4 c5 2. Nf3 Nc6 3. d4 cxd4 4. Nxd4 Nxd4 5. Qxd4 Qc7 6. Bd3 d6 7. Bb5+ Bd7 8.
Nc3 e5 9. Qd3 Nf6 10. O-O a6 11. Bc4 b5 12. Bb3 Be7 13. Nd5 Qd8 14. Bd2 O-O 15.
Nxe7+ Qxe7 16. c4 bxc4 17. Bxc4 Bc6 18. Bd5 Nxd5 19. exd5 Bb5 20. Qg3 Bxf1 21.
Bh6 f5 22. Rxf1 Rf7 23. a4 g6 24. h4 f4 25. Qg4 e4 26. Rc1 Qe8 27. h5 Rf6 28.
Rc7 Rf7 29. hxg6 Rxc7 30. gxh7+ Kxh7 31. Qh4 Rc1+ 32. Kh2 Rb1 0-1

[Event "AUTO-ADV-687"]
[Site "http://www.queenalice.com/game.php?id=291198"]
[Date "2007.10.22"]
[Round "1"]
[White "Kritikos"]
[Black "AAI"]
[Result "0-1"]
[WhiteElo "1670"]
[BlackElo "1574"]

1. d4 d5 2. c4 e6 3. Nc3 Nf6 4. Qc2 Nc6 5. Bg5 Nxd4 6. Qd3 Bc5 7. cxd5 exd5 8.
Nf3 Bf5 9. e4 dxe4 10. Nxe4 Bxe4 11. Qb5+ Nxb5 0-1

[Event "Challenge"]
[Site "http://www.queenalice.com/game.php?id=295188"]
[Date "2007.10.30"]
[Round "-"]
[White "pacou93"]
[Black "AAI"]
[Result "1-0"]
[WhiteElo "1692"]
[BlackElo "1595"]

1. e4 e5 2. Nf3 Nc6 3. Bb5 Nf6 4. Bxc6 bxc6 5. d3 d5 6. O-O dxe4 7. dxe4 Qxd1 8.
Rxd1 Nxe4 9. Nxe5 Bc5 10. Be3 Rb8 11. Bxc5 Nxc5 12. Nc3 O-O 13. Nxc6 Rxb2 14.
Nxa7 Rxc2 15. Rdc1 Bf5 16. Rxc2 Bxc2 17. Rc1 Bb3 18. axb3 Nxb3 19. Rd1 c5 20.
Rb1 c4 21. Nab5 Re8 22. h3 Nd2 23. Rb2 Re1+ 24. Kh2 Nf1+ 25. Kg1 f5 26. Re2 Rxe2
27. Nxe2 g6 28. Kxf1 h5 29. Nd6 1-0

[Event "Challenge"]
[Site "http://www.queenalice.com/game.php?id=295493"]
[Date "2007.10.30"]
[Round "-"]
[White "AAI"]
[Black "guitarsoldier"]
[Result "1-0"]
[WhiteElo "1595"]
[BlackElo "1070"]

1. e4 e5 2. Nf3 d6 3. Bc4 h6 4. d3 a6 5. Nc3 Nc6 6. a3 Bg4 7. b4 Nd4 8. Nd5 c6
9. Ne3 Bxf3 10. gxf3 Qf6 11. Ng4 Qxf3 12. Qxf3 Nxf3+ 13. Kf1 Be7 14. Rb1 Bg5 15.
Kg2 Nh4+ 16. Kf1 Bxc1 17. Rxc1 1-0

[Event "Challenge"]
[Site "http://www.queenalice.com/game.php?id=308304"]
[Date "2007.11.22"]
[Round "-"]
[White "ilestlibremax"]
[Black "AAI"]
[Result "0-1"]
[WhiteElo "1686"]
[BlackElo "1594"]

1. Nf3 d5 2. d4 Nc6 3. c4 Bf5 4. a3 dxc4 5. Nc3 a6 6. a4 Nf6 7. e3 Nb4 8. Ra2
Nxa2 9. Nxa2 b5 10. axb5 axb5 11. Nb4 e6 12. Bd2 Ra4 13. b3 Ra3 14. bxc4 Qa8 15.
Nc2 Bxc2 16. Qxc2 Ra1+ 17. Ke2 bxc4 18. Qxc4 Bd6 19. Qb5+ Nd7 20. Ne5 Bxe5 21.
dxe5 h6 22. f3 c6 23. Qxc6 Qxc6 0-1

[Event "la revanche !!"]
[Site "http://www.queenalice.com/game.php?id=308740"]
[Date "2007.11.23"]
[Round "-"]
[White "pacou93"]
[Black "AAI"]
[Result "1-0"]
[WhiteElo "1642"]
[BlackElo "1613"]

1. e4 e5 2. Nf3 Nc6 3. Bb5 Nf6 4. Bxc6 dxc6 5. d3 Bc5 6. Be3 Bd6 7. O-O Bg4 8.
h3 Bh5 9. Nbd2 O-O 10. c3 Nd7 11. Qb3 b6 12. d4 Bxf3 13. Nxf3 a5 14. Rad1 Nf6
15. dxe5 Nxe4 16. exd6 Nxd6 17. Ne5 Qe8 18. Nf3 a4 19. Qc2 b5 20. Ng5 Nb7 21.
Qxh7# 1-0

[Event "gagne la celle là ^^"]
[Site "http://www.queenalice.com/game.php?id=316334"]
[Date "2007.12.7"]
[Round "-"]
[White "pacou93"]
[Black "AAI"]
[Result "1-0"]
[WhiteElo "1674"]
[BlackElo "1577"]

1. e4 e5 2. Nf3 Nc6 3. Bb5 Nd4 4. Nxd4 exd4 5. d3 Bb4+ 6. c3 c6 7. Bxc6 dxc3 8.
bxc3 Qf6 9. Bb2 Bc5 10. d4 Ne7 11. Bxd7+ Bxd7 12. dxc5 Rd8 13. Qe2 O-O 14. O-O
Rc8 15. c4 Qg5 16. Ba3 Qf6 17. Nd2 b6 18. cxb6 axb6 19. Qf3 Qe6 20. Rfc1 Ng6 21.
Bxf8 Kxf8 22. Qa3+ Kg8 23. f3 Nf4 24. Kf2 Qg6 25. g3 Nh5 26. g4 Nf4 27. Rg1 Nh3+
28. Ke3 Nxg1 29. Rxg1 1-0

[Event "YouLoseSorry"]
[Site "http://www.queenalice.com/game.php?id=317755"]
[Date "2007.12.10"]
[Round "1"]
[White "AAI"]
[Black "gilou"]
[Result "0-1"]
[WhiteElo "1638"]
[BlackElo "1661"]

1. e4 e5 2. Nf3 Qf6 3. d3 Bb4+ 4. c3 Bc5 5. d4 exd4 6. cxd4 Bb4+ 7. Bd2 Be7 8.
Bc4 c5 9. e5 Qf5 10. Nc3 Nf6 11. Qe2 Nc6 12. d5 Nb4 13. Qd1 Ne4 14. O-O a6 15.
Qb1 d6 0-1

[Event "La revanche ?"]
[Site "http://www.queenalice.com/game.php?id=319829"]
[Date "2007.12.14"]
[Round "-"]
[White "AAI"]
[Black "ilestlibremax"]
[Result "1-0"]
[WhiteElo "1618"]
[BlackElo "1647"]

1. e4 e6 2. d4 d5 3. Bd3 dxe4 4. Bxe4 Nf6 5. Bg5 Be7 6. Bxf6 Bxf6 7. Nf3 O-O 8.
c4 c6 9. Bc2 Be7 10. Qd3 Nd7 11. Qxh7# 1-0

[Event "AUTO-OPEN-745"]
[Site "http://www.queenalice.com/game.php?id=331949"]
[Date "2008.1.6"]
[Round "2"]
[White "AAI"]
[Black "bepke"]
[Result "0-1"]
[WhiteElo "1594"]
[BlackElo "2290"]

1. d4 Nf6 2. c4 g6 3. g3 Bg7 4. Bg2 O-O 5. Nc3 d6 6. f3 Nbd7 7. Nb5 c5 8. d5 a6
9. Nc3 Ne5 10. b3 b5 11. f4 Neg4 0-1

[Event "AUTO-OPEN-745"]
[Site "http://www.queenalice.com/game.php?id=331950"]
[Date "2008.1.6"]
[Round "2"]
[White "bepke"]
[Black "AAI"]
[Result "1-0"]
[WhiteElo "2291"]
[BlackElo "1592"]

1. d4 d5 2. c4 e6 3. Nf3 Nc6 4. Nc3 dxc4 5. e4 Nf6 6. Bxc4 Bb4 7. Qd3 O-O 8. O-O
a6 9. e5 b5 10. exf6 bxc4 11. Qe4 1-0

[Event "enzoiazo"]
[Site "http://www.queenalice.com/game.php?id=338961"]
[Date "2008.1.19"]
[Round "1"]
[White "AAI"]
[Black "enzoiazo"]
[Result "0-1"]
[WhiteElo "1565"]
[BlackElo "2133"]

1. d4 Nf6 2. Bg5 d6 3. Nf3 Nbd7 4. e3 c6 5. Bc4 Qa5+ 6. c3 Ne4 7. b4 Qf5 8. Qe2
Nxg5 9. Bd3 Nxf3+ 10. gxf3 Qg5 11. Qf1 e5 12. Rg1 Qh6 0-1